| 000 | 03954cim a22008417a 4500 | ||
|---|---|---|---|
| 999 | _c58297 | ||
| 001 | 14215319 | ||
| 003 | LIBRIS | ||
| 005 | 20210811115829.0 | ||
| 007 | sd |||||||m||| | ||
| 008 | 130518s2013 sw | ||g|||||||f | swe|c | ||
| 020 |
_a9789174332285 _qCD-skiva |
||
| 035 | _a(BOKR)9789174332285 | ||
| 040 |
_aBOKR _dTkb _ea |
||
| 041 | 1 |
_aswe _hspa |
|
| 082 | 0 | 4 |
_a863 _222 (machine generated) |
| 084 |
_aHcek.01/LC _2kssb/8 |
||
| 084 |
_aHcek.01 _2kssb/8 |
||
| 100 | 1 |
_aRuiz Zafón, Carlos _4aut |
|
| 240 | 1 | 0 |
_aMarina. _lSvenska |
| 245 | 1 | 0 |
_aMarina _h[Ljudupptagning] / _cCarlos Ruiz Zafón ; översättning av Yvonne Blank. |
| 264 | 1 |
_aStockholm : _bBonnier Audio, _cp 2013 |
|
| 300 | _a7 CD (8 tim., 16 min.) | ||
| 655 | 7 |
_aLjudböcker _0https://id.kb.se/term/saogf/Ljudb%C3%B6cker _2saogf |
|
| 655 | 7 |
_aSkönlitteratur _0https://id.kb.se/term/saogf/Sk%C3%B6nlitteratur _2saogf |
|
| 700 | 1 |
_aBlank, Yvonne, _d1950- _4trl _0https://libris.kb.se/khw05cr327kw7x0#it |
|
| 700 | 1 |
_aFalk, Niklas _4nrt |
|
| 887 |
_a{"@id":"m5z35fqz1kk75dk","modified":"2016-01-12T16:32:12+01:00","checksum":"82230659343"} _2librisxl |
||
| 887 |
_a{"@id":"04b04pt51hzlmg6","modified":"2014-08-25T12:04:03+02:00","checksum":"130735364279"} _2librisxl |
||
| 887 |
_a{"@id":"48g0wp990lfbj6f","modified":"2013-09-09T15:33:44+02:00","checksum":"117862615780"} _2librisxl |
||
| 887 |
_a{"@id":"6bkg7w1c21tpzhj","modified":"2016-01-25T13:10:51+01:00","checksum":"129848214958"} _2librisxl |
||
| 887 |
_a{"@id":"26dz75v74zlfvm2","modified":"2021-03-03T12:17:11.673+01:00","checksum":"129837260735"} _2librisxl |
||
| 887 |
_a{"@id":"8dl4xhvf2jqn4fg","modified":"2013-09-02T13:31:28+02:00","checksum":"138892618865"} _2librisxl |
||
| 887 |
_a{"@id":"v06qv8v111tv6kr","modified":"2013-10-22T11:52:34+02:00","checksum":"124083356042"} _2librisxl |
||
| 887 |
_a{"@id":"kpxwnrfq2z4b9nx","modified":"2016-04-11T14:06:15+02:00","checksum":"137238432833"} _2librisxl |
||
| 887 |
_a{"@id":"7ckcg1dd2qm63rq","modified":"2015-02-24T19:12:45+01:00","checksum":"126962326169"} _2librisxl |
||
| 887 |
_a{"@id":"tz60jzx01c8smr2","modified":"2015-06-22T11:07:53+02:00","checksum":"131822693196"} _2librisxl |
||
| 887 |
_a{"@id":"lqxq0w4r08b3kx0","modified":"2015-02-24T19:58:39+01:00","checksum":"133618873263"} _2librisxl |
||
| 887 |
_a{"@id":"7ck315wd367cvf5","modified":"2013-12-03T19:55:51+01:00","checksum":"122682417521"} _2librisxl |
||
| 887 |
_a{"@id":"jnvd767p4r9zvc9","modified":"2013-10-10T18:15:36+02:00","checksum":"139027137909"} _2librisxl |
||
| 887 |
_a{"@id":"bgn6bm7h5kgsmbk","modified":"2013-11-13T15:12:49+01:00","checksum":"142687817030"} _2librisxl |
||
| 942 |
_2z _cBOOK |
||